International law today and tomorrow / (Record no. 127006)

MARC details
000 -LEADER
fixed length control field 00702nam a22002417a 4500
005 - DATE AND TIME OF LATEST TRANSACTION
control field 20170124110018.0
010 ## - LIBRARY OF CONGRESS CONTROL NUMBER
LC control number 841123
020 ## - INTERNATIONAL STANDARD BOOK NUMBER
Terms of availability 5.00
035 ## - SYSTEM CONTROL NUMBER
System control number 841123
037 ## - SOURCE OF ACQUISITION
Source of stock number/acquisition Cen Lib/Ret
040 ## - CATALOGING SOURCE
Original cataloging agency DPL
Language of cataloging EN
082 ## - DEWEY DECIMAL CLASSIFICATION NUMBER
Classification number 341
Item number LIS
100 ## - MAIN ENTRY--PERSONAL NAME
Personal name Lissitzyn, Oliver J
9 (RLIN) 19111
245 ## - TITLE STATEMENT
Title International law today and tomorrow /
Statement of responsibility, etc by Oliver J. Lissitzyn
246 ## - VARYING FORM OF TITLE
Remainder of title
260 ## - PUBLICATION, DISTRIBUTION, ETC. (IMPRINT)
Name of publisher, distributor, etc Allied Publishers
Date of publication, distribution, etc 1965
Place of publication, distribution, etc New Delhi
270 ## - ADDRESS
City New Delhi
Address 13/14, Asaf Ali Road
Postal code 110001
300 ## - PHYSICAL DESCRIPTION
Extent x,133p.
Dimensions 21cm(Hb)
500 ## - GENERAL NOTE
General note Includes index
650 ## - SUBJECT ADDED ENTRY--TOPICAL TERM
Topical term or geographic name as entry element International law
9 (RLIN) 2114
650 ## - SUBJECT ADDED ENTRY--TOPICAL TERM
Topical term or geographic name as entry element Labor laws and legislation, International
9 (RLIN) 19112
942 ## - ADDED ENTRY ELEMENTS (KOHA)
Source of classification or shelving scheme Dewey Decimal Classification
Koha item type English Books
Classification part 341
Call number suffix LIS
Holdings
Withdrawn status Lost status Damaged status Not for loan Home library Current library Date acquired Source of acquisition Cost, normal purchase price Total Checkouts Full call number Barcode Date last seen Copy number Cost, replacement price Price effective from Koha item type
        Central Library Central Library 27/06/2015 Cen Lib/Ret 5.00   341 LIS 841123 27/06/2015 1 5.00 27/06/2015 English Books

© Delhi Public Library
Hit Counter
free hit counter